000 00615nam a22002297a 4500
003 UA-OsUOA
001 86347
007 ta
008 20120830b un ||||| |||| 00| 0 ukr d
100 _aКоллинз В. Х.
090 _a811.112.2
_bК60
942 _cBK
040 _aUA-OsUOA
_brus
_cUA-OsUOA
_dUA-OsUOA
245 _aВыбор слов
300 _a235 с.
955 _a2
041 _arus
080 _a811.112.2
260 _aЛенинград
_c1960
650 7 _a8 Мовознавство. Художня література. Літературознавство
_2UDC
999 _c372728
_d372728